Gestión económica y la financiera del proyecto Microsoft utilizando excel: herramientas informáticas para la pequeña y mediana empresas / Julián Raúl Salvarredy [et-al] (Registro nro. 11498)
[ vista simple ]
| 000 -LEADER | |
|---|---|
| fixed length control field | 00677nam a22002051a 4500 |
| 001 - CONTROL NUMBER | |
| control field | 11498 |
| 003 - CONTROL NUMBER IDENTIFIER | |
| control field | OSt |
| 005 - DATE AND TIME OF LATEST TRANSACTION | |
| control field | 20260204212244.0 |
| 008 - FIXED-LENGTH DATA ELEMENTS--GENERAL INFORMATION | |
| fixed length control field | 121119s2007||||ag ||||||b||||||||||spa|| |
| 020 ## - NUMERO DE LIBRO INTERNACIONAL NORMALIZADO | |
| International Standard Book Number | 9789871046676 |
| 050 ## - LIBRARY OF CONGRESS CALL NUMBER | |
| Classification number | 005.3 G335e |
| 245 ## - TÍTULO PROPIAMENTE DICHO: SUBTÍTULO | |
| Title | Gestión económica y la financiera del proyecto Microsoft utilizando excel: herramientas informáticas para la pequeña y mediana empresas / Julián Raúl Salvarredy [et-al] |
| 250 ## - MENCIÓN DE EDICIÓN | |
| Edition statement | 2 |
| 264 ## - PRODUCTION, PUBLICATION, DISTRIBUTION, MANUFACTURE, AND COPYRIGHT NOTICE | |
| Place of production, publication, distribution, manufacture | Argentina: Omicron Editorial |
| 300 ## - PHYSICAL DESCRIPTION | |
| Extensión | 238 p |
| 500 ## - GENERAL NOTE | |
| General note | Incluye CD |
| 650 ## - ASIENTO SECUNDARIO DE MATERIA -- TERMINO TEMÁTICO | |
| Termino Temático Como Elemento de Entrada | Finanzas 2.Aplicaciones Informáticas 3.Economía Financiera |
| 700 ## - ASIENTO SECUNDARIO -- NOMBRE PERSONAL | |
| Personal name | Salvarredy, Julián RaúlÌ |
| 942 ## - ADDED ENTRY ELEMENTS (KOHA) | |
| Source of classification or shelving scheme | Dewey Decimal Classification |
| Koha item type | Libros |
| Withdrawn status | Lost status | Source of classification or shelving scheme | Damaged status | Not for loan | Current library | Date acquired | Total Checkouts | Full call number | Barcode | Date last seen | Price effective from | Koha item type |
|---|---|---|---|---|---|---|---|---|---|---|---|---|
| Dewey Decimal Classification | Biblioteca UTECO | 09/09/2019 | 005.3 G335E | 016528 | 09/09/2019 | 09/09/2019 | Libros | |||||
| Dewey Decimal Classification | Biblioteca UTECO | 09/09/2019 | 005.3 G335E | 016529 | 09/09/2019 | 09/09/2019 | Libros | |||||
| Dewey Decimal Classification | Biblioteca UTECO | 09/09/2019 | 005.3 G335E | 016530 | 09/09/2019 | 09/09/2019 | Libros |
